| 000 | 01253cam a22003254a 4500 | ||
|---|---|---|---|
| 001 | 13533771 | ||
| 003 | OSt | ||
| 005 | 20251121120942.0 | ||
| 008 | 040323s2005 enka b 001 0 eng | ||
| 010 | _a 2004006776 | ||
| 020 | _a0415251729 (hardcover : alk. paper) | ||
| 035 | _a(OCoLC)ocm54825960 | ||
| 040 |
_aDLC _cDLC _dOCLCQ _dC#P _dOCL _dBAKER _dDLC |
||
| 042 | _apcc | ||
| 082 | 0 | 0 | _a519.2 GAT 2005 |
| 100 | 1 |
_aGatti, Paolo L., _917023 |
|
| 245 | 1 | 0 | _aProbability Theory and Mathematical Statistics for Engineers |
| 260 |
_aLondon; _bSpon Press, _c2005. |
||
| 300 |
_axi, 356 p. : _bill. ; _c25 cm. |
||
| 440 | 0 |
_aSpon's structural engineering mechanics and design series _917024 |
|
| 504 | _aIncludes bibliographical references and index. | ||
| 650 | 0 |
_aEngineering _916750 |
|
| 650 | 0 |
_aProbabilities. _92821 |
|
| 650 | 0 |
_aEngineering _9373 |
|
| 856 | 4 | 1 |
_3Table of contents only _uhttp://www.loc.gov/catdir/toc/fy0606/2004006776.html |
| 856 | 4 | 2 |
_3Publisher description _uhttp://www.loc.gov/catdir/enhancements/fy0650/2004006776-d.html |
| 906 |
_a7 _bcbc _corignew _d1 _eecip _f20 _gy-gencatlg |
||
| 942 |
_2ddc _cO_SHELF |
||
| 999 |
_c8367 _d8367 |
||